000 01216cam a2200133 4500500
005 20260405065422.0
041 _afre
042 _adc
100 1 0 _aGuibal, Francis
_eauthor
245 0 0 _aEmmanuel Levinas ou les intrigues du sens
260 _bPresses Universitaires de France,
_c2005.
520 _aLe sensoriel, le vectoriel, le conceptuel se conjoignent dans le mot sens, loin de toute maîtrise possible, nous sommes voués au(x) sens, aux intrigues du et des sens. Pour Emmanuel Levinas, ces versions du sens sont celles d’une proximité éthique irréductible à aucune prise intentionnelle. Que la vulnérabilité éthique ne signifie ni une passivité de victime ni un refuge de compensation, mais qu’elle invite à (re)penser autrement les dimensions et les tensions d’un «entre-nous», voilà une des convictions qui amène l’auteur à prolonger librement les explorations de Levinas, en montrant comment elles peuvent continuer à inquiéter des approches contemporaines plus soucieuses en apparence de justice politique ou de radicalité ontologique.
856 4 1 _uhttps://shs.cairn.info/emmanuel-levinas-ou-les-intrigues-du-sens--9782130538899?lang=fr&redirect-ssocas=7080
999 _c2195771
_d2195771